Word Ladder: 'Hopping' Mad Quiz Stats

Quiz Updated Feb 29, 2016

Challenge
Share
Tweet
Embed
Score 0/26 Timer 03:00
1 Play Today
Hint 4-Letter Word % Correct
HaltSTOP
97%
You may do this on a banana peelSLIP
96.1%
A white one indicates surrenderFLAG
95.6%
High schoolers' formal dancePROM
95.6%
Pig foodSLOP
95.1%
Opposite of 'to'FROM
95%
● Synonym of [first rung] ●● JUMP ●
95%
An apartment [UK]FLAT
94.7%
Staircase componentSTEP
94.3%
Slang for fecesPOOP
94.1%
ObservesSEES
94%
Inflating toolPUMP
93.5%
Caribbean and Black, e.g.SEAS
93%
Hint 4-Letter Word % Correct
An actor's toolPROP
92.5%
To ooze or trickleSEEP
92.5%
● To hop ●● LEAP ●
92.2%
'____ and Circumstance'POMP
92.2%
Comedy sketchSKIT
91.8%
Narrow openingSLIT
91.7%
● Synonym of [first rung] ●● SKIP ●
91.5%
Shakespearean kingLEAR
91.4%
To whip someoneFLOG
91.3%
Opposite of 'nays'YEAS
90.5%
To move swiftly, like a hummingbirdFLIT
90.1%
● Word that can follow [first rung] ●● FROG ●
89.3%
● Word that can follow [first rung] ●● YEAR ●
87.9%

Today's Daily Dose

Word Ladder
Antonym Clues II

Quick Pick
Movies of 2014

On This Day
April 24th II

You're not logged in!

Compare scores with friends on all Sporcle quizzes.
Sign Up with Email
OR
Log In

You Might Also Like...

Show Comments

Extras

Top Quizzes Today


Score Distribution

Your Account Isn't Verified!

In order to create a playlist on Sporcle, you need to verify the email address you used during registration. Go to your Sporcle Settings to finish the process.

Report this User

Report this user for behavior that violates our Community Guidelines.

Details: